[Event "LSS No Engine Cup 82 Preliminary 4"]
[Site "LSS email"]
[Date "2013.02.15"]
[Round "?"]
[White "Luzkay, Luz"]
[Black "Molina, Vicente Andres"]
[Result "0-1"]
[WhiteElo "1238"]
[BlackElo "773"]
[PlyCount "45"]
[EventDate "2013.02.16"]
[EventType "tourn (corr)"]
[EventRounds "6"]
[EventCountry "GER"]
[SourceTitle "Telechess CBM 161"]
[Source "ChessBase"]
[SourceDate "2014.07.16"]
[SourceVersion "1"]
[SourceVersionDate "2014.07.16"]
[SourceQuality "1"]

1. e4 c5 2. Nf3 d6 3. Nc3 Nc6 4. a4 g6 5. g3 Bg7 6. Nd5 e6 7. Ne3 Nge7 8. d3 0-0 9. Be2 Nd4 10. h4 f5 11. h5 fxe4 12. dxe4 Nec6 13. Nxd4 Nxd4 14. hxg6 h6 15. Ng4 Nxe2 16. Qxe2 e5 17. Nxh6+ Bxh6 18. Rxh6 Qf6 19. Be3 Qf3 20. Qc4+ Kg7 21. Rd1 Rf6 22. Rh7+ Kf8 23. g7+ 0-1

[Event "RF-2012-0-00141"]
[Site "LSS email"]
[Date "2012.12.27"]
[Round "?"]
[White "Luzkay, Luz"]
[Black "Kratky, Josef"]
[Result "1-0"]
[WhiteElo "1242"]
[BlackElo "1148"]
[PlyCount "33"]
[EventDate "2012.11.26"]
[EventType "tourn (corr)"]
[EventRounds "6"]
[EventCountry "GER"]
[SourceTitle "Corr 2015"]
[Source "ChessBase"]
[SourceDate "2015.07.17"]
[SourceVersion "1"]
[SourceVersionDate "2015.07.17"]
[SourceQuality "1"]

1. d4 d6 2. e4 Nf6 3. Nf3 Bg4 4. Nc3 Nbd7 5. Bg5 e5 6. dxe5 dxe5 7. h3 Bxf3 8. Qxf3 Be7 9. 0-0-0 c6 10. Be3 Qa5 11. g4 h6 12. h4 b5 13. g5 Ng8 14. Rxd7 Kxd7 15. Qxf7 b4 16. Nb5 Qxa2 17. Bh3+ 1-0

[Event "RF-2012-0-00141"]
[Site "LSS email"]
[Date "2012.12.27"]
[Round "?"]
[White "Schoenbuchner, Gerhard"]
[Black "Luzkay, Luz"]
[Result "0-1"]
[WhiteElo "1145"]
[BlackElo "1242"]
[PlyCount "54"]
[EventDate "2012.11.26"]
[EventType "tourn (corr)"]
[EventRounds "6"]
[EventCountry "GER"]
[SourceTitle "Telechess CBM 159"]
[Source "ChessBase"]
[SourceDate "2014.03.17"]
[SourceVersion "1"]
[SourceVersionDate "2014.03.17"]
[SourceQuality "1"]

1. e4 c5 2. Nc3 Nc6 3. d3 Nf6 4. Bg5 e6 5. Qd2 Be7 6. 0-0-0 d5 7. exd5 exd5 8. Nf3 h6 9. Bh4 d4 10. Ne2 0-0 11. Bg3 a5 12. Ne5 Nxe5 13. f4 Neg4 14. h3 Ne3 15. Re1 a4 16. Bf2 a3 17. b3 Nfd5 18. g4 Bh4 19. Ng3 Nc3 20. Nf5 Bxf2 21. Qxf2 Bxf5 22. gxf5 Re8 23. Rh2 Qa5 24. Rxe3 Rxe3 25. Bg2 Nxa2+ 26. Kb1 Qc3 27. Bxb7 Qb2# 0-1

[Event "RN-2012-0-00569"]
[Site "LSS email"]
[Date "2012.12.02"]
[Round "?"]
[White "Luzkay, Luz"]
[Black "Venturas, Bob"]
[Result "1-0"]
[WhiteElo "800"]
[BlackElo "800"]
[PlyCount "63"]
[EventDate "2012.11.25"]
[EventType "tourn (corr)"]
[EventRounds "6"]
[EventCountry "GER"]
[SourceTitle "Corr 2022"]
[Source "ChessBase"]
[SourceDate "2021.10.24"]
[SourceVersion "1"]
[SourceVersionDate "2021.10.24"]
[SourceQuality "1"]

1. e4 e5 2. Nf3 Nc6 3. Bb5 d6 4. d4 Bd7 5. Nc3 a6 6. Bxc6 Bxc6 7. dxe5 dxe5 8. Qxd8+ Rxd8 9. Nxe5 Bd6 10. Bg5 f6 11. Nxc6 bxc6 12. Be3 Ne7 13. 0-0-0 0-0 14. Rd4 f5 15. Ra4 Ra8 16. Rc4 f4 17. Bd4 Rfe8 18. e5 Nf5 19. exd6 cxd6 20. Bb6 c5 21. Rxf4 Nd4 22. Re4 Rxe4 23. Nxe4 Nf5 24. Rd1 Nd4 25. Nxd6 Rb8 26. Bxc5 Ne2+ 27. Kd2 Nf4 28. g3 Ne6 29. b4 Nxc5 30. bxc5 Rd8 31. Ke3 Kf8 32. c6 1-0

[Event "ZN-2012-0-02109"]
[Site "LSS email"]
[Date "2012.11.17"]
[Round "?"]
[White "Klawitter, Bernd"]
[Black "Luzkay, Luz"]
[Result "0-1"]
[WhiteElo "887"]
[BlackElo "1322"]
[PlyCount "86"]
[EventDate "2012.11.14"]
[EventType "match (corr)"]
[EventRounds "2"]
[EventCountry "GER"]
[SourceTitle "Telechess CBM 165"]
[Source "ChessBase"]
[SourceDate "2015.03.11"]
[SourceVersion "1"]
[SourceVersionDate "2015.03.11"]
[SourceQuality "1"]

1. e4 e5 2. Nf3 Nc6 3. Bb5 a6 4. Ba4 Nf6 5. 0-0 d6 6. Re1 b5 7. Bb3 Be7 8. c3 0-0 9. h3 Na5 10. Bc2 c5 11. d4 cxd4 12. cxd4 Bb7 13. d5 Nc4 14. b3 Nb6 15. Be3 Rc8 16. Nbd2 Nfd7 17. Rc1 f5 18. Bxb6 Nxb6 19. Nf1 fxe4 20. Bxe4 Rxc1 21. Qxc1 Bxd5 22. Bxd5+ Nxd5 23. Qc6 Nf4 24. Qe4 Qa8 25. Qxa8 Rxa8 26. Ne3 Rc8 27. Nf5 Bf8 28. Rd1 Rc1 29. Rxc1 Ne2+ 30. Kf1 Nxc1 31. Ne3 Nxa2 32. Nc2 Be7 33. Nd2 Kf7 34. Ke2 d5 35. f3 Nc1+ 36. Kd1 Nd3 37. Nf1 Ke6 38. Kd2 Nf4 39. g4 Nxh3 40. Ke2 Nf4+ 41. Ke3 a5 42. Nd2 Bc5+ 43. Nd4+ Bxd4# 0-1

[Event "OP-2012-0-02486"]
[Site "LSS email"]
[Date "2012.11.17"]
[Round "?"]
[White "Luzkay, Luz"]
[Black "Bester, Kazimierz"]
[Result "1-0"]
[WhiteElo "1322"]
[BlackElo "830"]
[PlyCount "39"]
[EventDate "2012.11.04"]
[EventType "tourn (corr)"]
[EventRounds "4"]
[EventCountry "GER"]
[SourceTitle "Telechess CBM 165"]
[Source "ChessBase"]
[SourceDate "2015.03.11"]
[SourceVersion "1"]
[SourceVersionDate "2015.03.11"]
[SourceQuality "1"]

1. e4 d5 2. exd5 Qxd5 3. Nc3 Qa5 4. Nf3 Nf6 5. d4 Nc6 6. Bb5 Bd7 7. Bd2 Qb4 8. Bd3 Nxd4 9. Nb5 Nxf3+ 10. Qxf3 Qxb2 11. Bc3 Bc6 12. Qe2 Qxa1+ 13. Bxa1 0-0-0 14. Nxa7+ Kb8 15. Nxc6+ bxc6 16. 0-0 e6 17. Bxf6 gxf6 18. Be4 Rd6 19. Qa6 Bg7 20. Rb1# 1-0

[Event "RN-2012-0-00558"]
[Site "LSS email"]
[Date "2012.11.11"]
[Round "?"]
[White "Luzkay, Luz"]
[Black "Linart, Jakub"]
[Result "1-0"]
[WhiteElo "1322"]
[BlackElo "491"]
[PlyCount "35"]
[EventDate "2012.11.03"]
[EventType "tourn (corr)"]
[EventRounds "6"]
[EventCountry "GER"]
[SourceTitle "Corr 2015"]
[Source "ChessBase"]
[SourceDate "2015.07.17"]
[SourceVersion "1"]
[SourceVersionDate "2015.07.17"]
[SourceQuality "1"]

1. e4 e5 2. Nf3 Nc6 3. Bb5 a6 4. Bxc6 dxc6 5. 0-0 Nf6 6. Nxe5 Bd6 7. d4 Nxe4 8. Re1 Nf6 9. Nxc6+ Be7 10. Nxd8 Kxd8 11. Nc3 Bg4 12. Qd3 Kc8 13. Rxe7 Kb8 14. Qg3 Ka7 15. Qxc7 Rab8 16. Nb5+ Ka8 17. Qc5 Rhe8 18. Qa7# 1-0